The micro revolution revisited

Saved in:
Bibliographic Details
Main Author: Large, Peter
Format: Book
Language:Undetermined
Published: London F. Pinter 1984
Subjects:
Tags: Add Tag
No Tags, Be the first to tag this record!
Institutions: Trung tâm Học liệu Trường Đại học Cần Thơ
LEADER 00501nam a2200181Ia 4500
001 CTU_95481
008 210402s9999 xx 000 0 und d
082 |a 001.6419 
082 |b L322 
100 |a Large, Peter 
245 4 |a The micro revolution revisited 
245 0 |c Peter Large 
260 |a London 
260 |b F. Pinter 
260 |c 1984 
650 |a Microprocessors,Microcomputers,Computers and civilization 
904 |i M.Loan 
980 |a Trung tâm Học liệu Trường Đại học Cần Thơ